000
00333nam a2200133Ia 4500
003
OSt
005
20240216115622.0
008
170524s9999 xx 000 0 und d
020
_a
9788120303973
040
_c
IIMT UNIVERSITY MEERUT
100
_a
MURDICK ROBERT G
245
0
_a
INFORMATION SYSTEM IN MODERN MANAGEMENT
942
_2
ddc
_c
02
999
_c
4563
_d
4563